Ekonomický vývoj zemí RVHP současné problémy a perspektivy

Gespeichert in:
Bibliographische Detailangaben
1. Verfasser: Lér, Ondřej
Weitere Verfasser: Urban, Luděk
Format: Buch
Sprache:Tschechisch
Veröffentlicht: Praha Svoboda 1984
Tags: Tag hinzufügen
Keine Tags, Fügen Sie das erste Tag hinzu!

MARC

LEADER 00000nam a2200000 4500
001 c114330
005 20230105083753.6
041 0 |a cze 
044 |a CZ 
245 1 0 |a Ekonomický vývoj zemí RVHP  |b současné problémy a perspektivy  |c Ondřej Lér, Luděk Urban 
264 1 |a Praha  |b Svoboda  |c 1984 
300 |a 157 s. 
100 1 |a Lér, Ondřej 
700 1 |a Urban, Luděk